Quizzes
Events
Quiz Creation
Community
Videos
Private Events
Remove Ads
Sign In
Join for FREE
Feedback
Dark Mode
Quiz Categories
Sports
Geography
Music
Movies
Television
Just For Fun
Miscellaneous
History
Literature
Language
Science
Gaming
Entertainment
Religion
Holiday
For Kids
Quiz Lab
Recent
Popular Today
Quiz Kudos Today
Editor Picks
Curator Picks
Quizzes by...
Day
Popularity
Type
Ratings
Length
Year
Community
Subscriptions
Recent Discussions
Orange Saloon
Badges
Playlists
Quests
Create
Leaderboards
Showdown
Live 5
Trivia Bingo
Activity
Puzzle Library
Sporcle Events
Private Events
Virtual Trivia
Globe League
Become a Host
Pub Owners
SporcleCon
Opinionation
Our Games
Videos
Blog
Mobile Apps
Partnerships
Remove Ads and Go Orange
Feedback
Miscellaneous
Crossword
General Knowledge
Baby Names
Logo
Food
Cars
Numbers
Grab Bag
University
College
Popular
Company
Slogans
Restaurants
Justice
Letter
Miscellaneous
Crossword
General Knowledge
Baby Names
Logo
Food
Cars
Numbers
Grab Bag
University
College
Popular
Company
Slogans
Restaurants
Justice
Letter
Random Quiz
Search Sporcle
×
Quiz Lab
Quiz Lab
Miscellaneous
Minefield
Click on regions of an image
Click on regions of an image
Picture Click
Best Score? Go Orange.
Battle for McDonald's 2 Elimination Order Stats
Can you pick the Battle for McDonald's 2 Elimination Order?
By
Oddiology
10m
35 Questions
56 Plays
56 Plays
56 Plays
Comments
Comments
Give Quiz Kudos
Give Quiz Kudos
-
- Ratings
hide this ad
Forced Order
Answers have to be entered in order
Answers have to be entered in order
Replay
Link that replays current quiz
Next Quiz
Link to next quiz in quiz playlist
You Got
0%
They Got
Avg Score
37%
Avg Friend Score
Upgrade to see
Score Distribution
Jump to the score distribution portion of the page
Score
0/35
Timer
10:00
0
Plays Today
% Correct
???
76.8%
???
73.2%
???
66.1%
???
58.9%
???
51.8%
???
50%
???
50%
???
42.9%
???
42.9%
???
42.9%
???
41.1%
???
41.1%
???
39.3%
???
37.5%
???
37.5%
???
35.7%
???
35.7%
???
33.9%
% Correct
???
32.1%
???
32.1%
???
32.1%
???
32.1%
???
30.4%
???
30.4%
???
30.4%
???
28.6%
???
28.6%
???
26.8%
???
26.8%
???
26.8%
???
25%
???
25%
???
25%
???
21.4%
???
17.9%
Quiz Playlist
Details
Report
Send in Message
Add To Playlist
Picture Click:
Click on regions of an image
Forced Order:
Answers have to be entered in order
Last Updated: Feb 17, 2020
Quiz Scoreboard
CHALLENGE
Sign Up to Join the Scoreboard
Show All
Scores
Hide
Comments
May contain spoilers
Recently Published
Pick 6: Fruits
by JohnFran
Miscellaneous
15s
Click the 1999 NBA Draft
by nibperrychub
Sports
2m
Alphabetical 'K' Countries by Flag Minefield
by ylime102
Geography
3m
More to Explore
Quiz From the Vault
Featured Blog Post
15 Basketball Trivia Facts You Can Be March Mad About
hide this ad
You Might Also Like...
Tags
Minefield Quiz
battle
elimination
mcdonald
Order
Today's Top Quizzes in Miscellaneous
Browse Miscellaneous
hide this ad
Today's Top Quizzes in Minefield
Browse Minefield
Top Contributed Quizzes in Miscellaneous
1
Spring Months consonants
2
Pick 6: Vegetables
3
Pick 6: Supreme Pizza
4
The JOE quick-fire general knowledge quiz: Day 166
5
Four Seasons
6
Pick 6: University Mascots
7
The JOE quick-fire general knowledge quiz: Day 165
8
Guess the 'S' Things in 3 Words
9
Sporcle Acrostic Puzzle XXXV
10
Guess the 'T' Things in 3 Words
Explore More
Trending Topics
NBA
Disney
Harry Potter
Kpop
Marvel
Crossword
Anime
Song
WWE
NFL
Puzzle
Pokémon
Soccer
The Office
Country
hide this ad
More By:
Oddiology
Quiz
Plays
Rating
Category
Featured
Created
BFM Characters (Seasons 1-9)
83
5.00
Entertainment
Nov 15, 2019
Battle for McDonald's 2 Elimination Order
56
5.00
Miscellaneous
Feb 17, 2020
BFM Characters (Season 9)
43
Entertainment
Oct 5, 2022
BFM Characters (Season 8)
16
Entertainment
Oct 5, 2022
BFM Characters (Season 7)
10
Entertainment
Oct 5, 2022
Go to Creator's Profile
Score Distribution
Quiz Creator Spotlight
Oddiology
Follow
Send a Message
Quizzes Created
-
Created Quiz Play Count
-
More By This Creator
Popular Quizzes Today
1
Countries of Asia Without Outlines Minefield
2
Find the US States - No Outlines Minefield
3
Pick 6: Fruits
4
Alphabetical 'K' Countries by Flag Minefield
5
The Countries of the World
6
Find the US States
7
US States
8
Find the Countries of Europe - No Outlines Minefield
More Miscellaneous Quizzes
Fish in Words
Published
Trending Quizzes
Pick 6: Mountains
Pick 6: Harry Potter
Pick 6: Flags
Pick 6: NFL Teams
Pick 6: Movie Franchises
Recently Updated
NWSL Teams
pecheneg
Women's Final Four Teams by Year
bhenderson79
Presidents Quartet II
eogle
Anything But Clue(do)
eogle
Anything But Oceanian Capitals
eogle
Anything But 7
eogle
Anything But Thing
eogle
Word Ladder: February 29
pecheneg
Song Title Questions
pecheneg
Women's NCAA Tournament #1 Seeds
pecheneg
Trending Topics
Harry Potter
Anime
Marvel
Kpop
Disney
Crossword
NBA
Pokémon
NFL
WWE
Puzzle
Song
Soccer
Country
The Office
Your Account Isn't Verified!
In order to create a playlist on Sporcle, you need to verify the email address you used during registration. Go to your
Sporcle Settings
to finish the process.
Report this User
Report this user for behavior that violates our
Community Guidelines
.
Details:
Send Report
Go to the Sporcle.com Mobile Site →
Comments